000 01361nam a2200325 c 4500
003 BLK
005 20180422101832.0
008 180408b bul|||||r ||||||| ||bul||
010 _aKNG00058628000
040 _aBLK
041 _aBUL
_cBUL
080 _aФармация. Фармакология. Обща терапия. Токсикология. Интензивна терапия
_b615
_x
_z615
100 1 _aВлахов, Витан Даков
_eпърви автор
_9365579
700 1 _aВласковска, Милка Василева
_eсъавт.
_9285742
139 _aВлахов, Витан Даков и др.
_bВ 73
245 1 0 _aВитамините като лекарства
_b[Науч.-попул. очерк]
_cВитан Даков Влахов; съавт. Милка Василева Власковска.
257 _aBGR
260 София
_bМедицина и физкултура
_c1981
_f(Пловдив : печ. Д. Благоев)
300 _a64 с.
_bс табл., ил.
_c21 см
380 _a61
650 4 _aФармакология
_9175152
650 4 _aВитамини
_9150882
653 _aфармакология
653 _aвитамини
852 _aЦб 108952
856 4 _qpdf
_u
856 4 _qpdf
_u
942 _cKNG
_n0
944 _aCR
_c14.09.2016
_kИрена_Линкова
944 _aED
_c14.09.2016
_kИрена_Линкова
999 _c54666
_d54666